00497nam a22001577a 450000500170000001000150001702000260003203500140005803700090007208200080008110000210008924500980011026000400020827000690024830000220031720250113165733.0 aENG-143338 a9789354267949c999.00 aEN-126870 bDBAD a537 aKhandare, Sanjay aElectricity Distribution Project and Practices:cBy Sanjay KhandarebSap: ERP Project System/ aNashikbRewat Sanjay Khandarec2017 aE-5, Hariniketan, New Kala Nagar, Jail Road, Nashik RoadbNashik a544p.c22cm. (pb)